[Event "FIDE-Wch k.o."]
[Site "Las Vegas"]
[Date "1999.08.01"]
[Round "1.2"]
[White "Ponomariov, Ruslan"]
[Black "Al Modiahki, Mohamad"]
[Result "1-0"]
[WhiteElo "2616"]
[BlackElo "2553"]
[Annotator "Ribli,Z"]
[PlyCount "115"]
[EventDate "1999.07.31"]
[EventType "k.o."]
[EventRounds "7"]
[EventCountry "USA"]
[SourceTitle "CBM 072"]
[Source "ChessBase"]
[SourceDate "1999.10.01"]
[SourceVersion "1"]
[SourceVersionDate "1999.10.01"]
[SourceQuality "1"]

{[%mdl 1088]} 1. e4 c5 2. Nf3 e6 3. d4 cxd4 4. Nxd4 Nc6 5. Nc3 Qc7 6. Ndb5 {
Eine wirkliche Seltenheit. Ponomariov hat immer interessante Eröffnungsideen
gegen die Taimanov-Paulsen-Variante. (In der Variante 6.Be3 a6 7.Bd3 Nf6 8.0-0
Ne5 spielte er schon - und verbesserte die alte Fortsetzung - 9.Nf3!?). Ribli.}
Qb8 7. Be3 (7. a4 {Ein prophylaktischer Zug. Weiss verhindert die Variante 7...
a6, 8...b5.}) 7... a6 {Meines Erachtens ist dieser Zug gut, aber die
Alternative ist auch spielbar.} (7... Nf6 8. a3 (8. Qd2 a6 9. Nd4 Bb4 10. f3 d5
11. exd5 Nxd5 12. Bc4 Nxe3 13. Qxe3 Qa7 14. O-O-O Bc5 15. Nce2 {1/2-1/2 Jansa,
A-Zeljko,T/Kranj 1996/EXT 98 (49)}) (8. Bd3 a6 9. Nd4 Ne5 10. h3 d6 11. O-O Be7
12. f4 Ned7 13. f5 e5 14. Nf3 b5 15. Ne2 d5 16. Ng3 Bb7 {0-1 Jakus,K-Fogarasi,
T/Budapest 1994/EXT 97 (23)}) 8... a6 9. Nd4 b5 10. f3 Bb7 11. Qd2 Be7 12. Be2
O-O 13. O-O d5 14. exd5 Nxd4 15. Bxd4 Nxd5 16. Nxd5 Bxd5 17. Qe3 {1/2-1/2
Aginian,N-Esaibekian,M/Erevan 1996/CBM 52 ext (17)}) 8. Bb6 {[%cal Rb6c7,Rc7b8]
Das ist die Pointe des weissen Spiels. Weiss gewinnt die Dame, aber er muss
dafür drei Leichtfiguren geben.} axb5 9. Nxb5 Bb4+ 10. c3 Ba5 {[%cal Ga5c7]} (
10... Qe5 11. cxb4 Qxe4+ 12. Be2 Qxb4+ 13. Kf1 Kf8 14. Rc1 Qxb2 15. Rc2 Qf6 16.
Bc5+ Nge7 17. h4 d5 18. Rh3 $44 {1-0 Al Subaihi,K-De/Dubai 1996/EXT 99 (28)})
11. Nc7+ Qxc7 (11... Kf8 12. Nxa8 Qxa8 13. Qd6+ Nge7 14. Qa3 {[%csl Ra8][%cal
Ga3a8,Rb2b4,Rb4a5] Die Fesselung in der a-Linie ist sehr unangenehm für
Schwarz.} Qb8 15. Bxa5 Qe5 16. Bb6 Qxe4+ 17. Be3 f5 18. O-O-O {1-0 Ganguly,
S-Kabir,S/Calcutta 1999/CBM 69 ext (54)}) 12. Bxc7 Bxc7 {Schwarz hat drei
Leichtfiguren gegen dame und Bauern und Weiss entfaltet positionellen Druck.
Der schwarze Damenläufer hat Entwicklungsprobleme, aber Schwarz hat keine
Schwächen und wenn er seine Figuren aktivieren kann, besitzt er die besseren
Chancen.} 13. Qg4 {[%csl Rg7][%cal Rg4g7] Weiss provoziert entweder die
Schwächung des Königsflügels oder einen Königszug.} g6 (13... Kf8 14. f4 Nf6
15. Qf3 d5 16. e5 Ne4 17. Bd3 Nc5 18. Bc2 Bb6 19. a4 g6 20. b4 Nd7 21. a5 Bc7
22. O-O Kg7 23. g4 h5 24. h3 hxg4 25. hxg4 b6 {0-1 Pyhala,A-Kanko,I/FIN-chT
1995/EXT 98 (79)}) 14. Bc4 Nge7 {[%cal Rd7d5,Rd5c4,Gc8g4] Schwarz möchte sich
mit 15...d5 befreien.} 15. Qe2 {[%cal Ge2e8]} O-O (15... d5 16. exd5 exd5 17.
Bxd5 $16 {[%cal Ge2e8]}) 16. O-O f5 $6 (16... d5 $1 {Dieser Zug scheint mir
natürlicher als die Partiefortsetzung zu sein.} 17. exd5 exd5 $132) 17. f3 {
Weiss möchte 17...fxe4 mit 18.fxe4 beantworten.} (17. exf5 Nxf5 18. Bb3 d5 $13)
17... Ra5 (17... d5 18. exd5 exd5 19. Bb3 $14 {[%csl Rg8][%cal Gb3g8] Wegen 16.
..f5 ist die schwarze Königsstellung schwach.}) 18. b4 Re5 {[%cal Ge5e2]
Schwarz zentralisiert den Turm und möchte ...d7-d5 ziehen.} 19. Bd3 Bb6+ (19...
d5 20. f4 (20. b5 $5) 20... Rxe4 21. Bxe4 fxe4 22. g3 $16) 20. Kh1 {[%csl Rc8]}
f4 {Schwarz verteidigt sich gegen f3-f4 und bereitet 21...d5 vor. Nach 20...f4
wird der Befreiungszug 21...d5 aber weniger effektiv.} (20... d5 $6 21. f4 Rxe4
22. Bxe4 fxe4 23. a4 $16) 21. Qc2 d5 22. a4 $14 {Weiss beschäftigt sich nicht
mit dem d5-Bauern, er mobilisiert seine Mehrheit am Damenflügel.} (22. exd5 $2
Nxd5 {[%csl Ye3][%cal Rd5e3,Re3c2,Re3f1]}) 22... dxe4 23. fxe4 (23. Bxe4 $6 Nd5
$132 {[%csl Ye3][%cal Rd5e3,Re3c2,Re3f1]}) 23... Rh5 {[%cal Gh5h1]} 24. Be2 $1
(24. a5 Bc7 $132 {[%cal Gc7h2,Gh5h2]}) 24... Rh4 25. a5 Bc7 26. Bf3 $16 {
Alles ist verteidigt in der weissen Stellung. Der Textzug ist gegen die
Möglichkeit 26...f3 gerichtet.} g5 27. b5 $1 g4 (27... Nxa5 28. Qf2 {[%csl Ra5]
[%cal Rf2c5,Rc5c7,Rc5e7,Rb5b6,Rb6c7]} b6 (28... Bd8 29. Rfd1 b6 30. Rxa5) 29.
Rxa5 $1 bxa5 30. Qc5 {[%cal Rc5c7,Rc5e7,Rc5g5,Rg5h4,Rg5g8]} Bd8 31. Rd1 {
[%csl Rc8,Rd8,Re7]} h6 (31... g4 32. Rxd8 Rxd8 33. Qxe7 $18 {[%cal Re7d8,Re7h4]
}) 32. Rxd8 Rxd8 33. Qxe7 Rf8 34. e5 $18 {[%csl Rc8,Ge7,Rg8][%cal Rf3e4,Re7h7]}
) 28. bxc6 Nxc6 (28... gxf3 29. cxb7 Bxb7 30. gxf3 $16) 29. g3 $5 {Weiss
opfert einen Bauern und möchte so die Lage am Königsflügel klären.} (29. Bd1 f3
{[%cal Rh4h2,Rc7h2]} 30. gxf3 Rxh2+ 31. Qxh2 Bxh2 32. Kxh2 Ne5 33. f4 $18)
29... fxg3 30. Bg2 Rxh2+ 31. Kg1 {Schwarz hat nur zwei Leichtfiguren und zwei
Bauern fuür die Dame, was hier keine ausreichende Kompensation darstellt.} Bf4
(31... Rxf1+ 32. Kxf1 Bxa5 33. Qd1 {[%cal Rd1g4,Rg4g8]} h5 34. Rxa5 Nxa5 35.
Qd8+ $18 {[%cal Rd8g8,Rd8a5,Rd8c8]}) 32. Rxf4 $1 {Weiss gibt die Qualität und
gelangt in ein technisches Endspiel mit guten Gewinnaussichten.} Rxf4 33. Rf1
Rxf1+ 34. Kxf1 Rh5 (34... Nxa5 35. Qd1 $18 {[%cal Rd1d8,Rd8a5,Rd8g8,Rd8c8,
Rd1g4,Rg4g8]}) (34... h5 35. Qd2 $16 {[%cal Rd2g5,Rg5g8]}) 35. Qd1 {[%csl Rg8]
[%cal Rd1g4,Rg4g8]} Kf7 (35... Rg5 36. a6 bxa6 37. Qd6 $18 {[%csl Rc6,Rc8,Gd6,
Rg5,Rg8]}) 36. Qxg4 Rxa5 37. Qxg3 {[%cal Gg3c7] Die schwarzen Figuren
koordinieren nicht gut.} Re5 38. Qh4 {[%cal Rh4h7,Rh7f7]} Kg7 39. Bf3 b6 (39...
Bd7 40. Kf2 $16) 40. Kf2 Bd7 41. Bh5 Rc5 42. Ke2 Re5 {Es ist für Schwarz
schwierig, seine Stellung zu verbessern. Er kann praktisch nur abwarten.} (
42... Rxc3 43. Qg5+ $18) 43. Kd2 b5 (43... Rc5 44. Qg3+ $40) 44. Be2 {[%cal
Ge2d3]} Be8 45. Qf4 Bg6 46. Bd3 Bf7 (46... h5 $5) 47. Qe3 {[%csl Yb6][%cal
Ge3b6] Die aktive weisse Dame hat ständig Drohungen einzudringen.} Be8 48. Qg1+
Bg6 49. Qb6 {[%csl Gb6]} Ne7 (49... Be8 50. Bxb5 $18) 50. Qc7 (50. Qd6 Kf6 51.
Qb8 {[%cal Rb8h8,Rh8e5] Das führt zur Partiestellung.}) (50. Bxb5 $6 Bxe4 $14)
50... Kf6 51. Qb8 {[%cal Rb8h8,Rh8e5]} Nc6 (51... Bxe4 52. Qf8+ $18) 52. Qc8
$18 {[%csl Rc6,Re5,Rf6][%cal Rc8c6] Weiss gewinnt eine Figur. Die Partie ist
entscheiden.} Bxe4 (52... Ne7 53. Qh8+ $18) 53. Bxe4 Rxe4 54. Qxc6 {[%cal
Rc6b5,Rc6e4]} Re5 55. Qc7 h5 56. Kd3 Kf5 (56... Rd5+ 57. Ke4 $18) 57. Qf7+ Kg4
58. Kd4 {Schwarz gab auf.} (58. Kd4 Rd5+ 59. Ke4 $18) 1-0

[Event "EU-ch 2nd"]
[Site "Ohrid"]
[Date "2001.06.07"]
[Round "7"]
[White "Weiss, Christian"]
[Black "Rechlis, Gad"]
[Result "1/2-1/2"]
[WhiteElo "2368"]
[BlackElo "2525"]
[Annotator "Ribli,Z"]
[PlyCount "107"]
[EventDate "2001.06.01"]
[EventType "swiss"]
[EventRounds "13"]
[EventCountry "YUG"]
[SourceTitle "CBM 084"]
[Source "ChessBase"]
[SourceDate "2001.09.13"]
[SourceVersion "1"]
[SourceVersionDate "2001.09.13"]
[SourceQuality "1"]

1. e4 c5 2. Nf3 Nc6 3. d4 cxd4 4. Nxd4 Qc7 5. Nc3 e6 6. g3 {Gewöhnlich
erreicht Weiß in Varianten mit g2-g3 eine solide Stellung aber kaum
Eröffnungsvorteil.} a6 7. Bg2 Nf6 8. O-O Nxd4 9. Qxd4 Bc5 10. Bf4 d6 11. Qd3 {
Dieser Zug wird heutzutage selten gespielt - die Hauptfortsetzung ist 11.Qd2.}
h6 {Schwarz bereitet e6-e5 vor und verteidigt sich gegen Bg5.} (11... Nd7 12.
Na4 e5 13. Bd2 b5 14. Nxc5 Nxc5 15. Qa3 O-O (15... Bb7 16. Ba5 Qe7 17. Qe3 O-O
18. Rad1 f5 19. exf5 Bxg2 20. Kxg2 Rxf5 $11 {1-0 Huebner,R-Bischoff,K/Munich
1988/CBM 07 (46)}) 16. Ba5 Qc6 17. Rad1 (17. Rfe1 Bg4 $1 $10) 17... Be6 (17...
Bg4 $5 18. Rd2 Ra7) 18. Rd2 Nxe4 19. Bb4 a5 20. Bxd6 Bh3 21. Bxe4 Qxe4 22. f3
Qc4 23. Rfd1 Rfe8 {1/2-1/2 Wittmann,W-Sommerbauer,N/Austria 1996/CBM 57 ext/
[Balinov] (23)}) 12. Na4 e5 13. Nxc5 exf4 (13... dxc5 $5 {Hier kann Schwarz
auf Gegenspiel hoffen, ohne seine Stellung zu schwächen.} 14. Be3 O-O 15. Qc3
b6 16. f3 (16. b4 Bb7 17. f3 c4 18. a4 $14) 16... Be6 17. Rfd1 Nd7 18. Qd3 Rfd8
19. Qd6 Qxd6 20. Rxd6 Kf8 $11) 14. Nb3 (14. Na4 fxg3 15. hxg3 Be6 16. b3 Rc8
17. c4 O-O 18. Rfd1 Rfd8 19. Qe3 b5 20. cxb5 axb5 21. Rac1 Qa5 22. Qb6 Qb4 23.
Nc3 Rb8 24. Qd4 Qa3 {1/2-1/2 Richter,Y-Damjanovic,M/Reggio Emilia 1971/EXT
2000 (49)}) 14... fxg3 15. hxg3 Be6 {Schwarz entwickelt den Läufer, das ist
eine gute Idee - denn nun kann er seinen Pd6 im Falle von Rad1 oder Rfd1 mit
Rd8 verteidigen.} (15... Bg4 16. Rfe1 (16. Nd4) 16... O-O 17. Nd4 Rac8 18. c3
Rfe8 19. Rac1 Re5 20. Re3 Rce8 21. Rce1 b5 22. a3 Bc8 23. Nf3 R5e7 24. Qd4 Ng4
{1/2-1/2 Wedberg,T-Matros,A/Stockholm 2000/CBM 79 no vc (24)}) (15... O-O 16.
Rad1 $16) 16. Nd4 {Weiß hat die bessere Bauernstruktur und etwas Raumvorteil.
In der schwarzen Stellung ist der Pd6 zwar schwach aber leicht zu verteidigen.}
Bd7 (16... Bc4 17. Qc3 $14) (16... O-O $5) 17. Rfd1 Rd8 18. c4 {Weiß hat zwar
Raumvorteil, aber sein Bg2 steht weniger gut, da seine Diagonale geschlossen
ist.} (18. Ne2 Bb5 $11) 18... O-O 19. Ne2 Be6 $11 {Der Pd6 ist zwar eine
Schwäche, dafür kontrolliert Schwarz jedoch die schwarzen Felder.} (19... Bc6
20. Nc3 $14) 20. Nd4 (20. b3 $11) 20... Bd7 (20... Bxc4 21. Qc3 $44 {[%cal
Gd4f5,Gc3c7]}) (20... Qxc4 21. Qxc4 Bxc4 22. Nf5 $11 {[%csl Gf5]}) 21. Ne2 {
Angesichts der Elo-Differenz von 157 Punkten wäre Weiß offensichtlich mit
einem Remis zufrieden.} Bg4 {Schwarz möchte die Züge nicht wiederholen.} 22. f3
(22. Rd2 Nd7 $11 {[%cal Gd7c5,Gd7e5]}) 22... Be6 23. b3 b5 $5 {Mit diesem
vorübergehenden Bauernopfer leitet Schwarz einen interessanten taktischen
Kampf ein.} 24. cxb5 d5 {[%mdl 64]} 25. e5 $5 {Weiß gibt den Bauern zurück und
hält auf diese Weise die d-Linie geschlossen.} (25. exd5 $6 Rxd5 $36) (25. bxa6
dxe4 26. Qe3 exf3 27. Bxf3 Qa5 $44 (27... Ng4 $44) (27... Bd5 $44)) 25... Qxe5
$13 26. bxa6 (26. f4 Qh5 27. Nd4 (27. bxa6 Bf5 {[%csl Ye4]} 28. Qd2 Ng4 $19 {
[%csl Rg1]}) 27... axb5 $15) 26... Bc8 $6 {Damit nimmt Schwarz den Pa6 ins
Visier und öffnet die e-Linie. Dennoch scheint mir dieser Zug etwas zu passiv.}
(26... Rfe8 $5) 27. b4 Rfe8 {[%cal Re8e2]} 28. Re1 (28. Kf2 d4 29. Nxd4 Bxa6
$132) 28... Bf5 (28... Nh5 29. Kh2 d4 30. f4 $16) 29. Qd2 $6 (29. Qd4 $1 $16 {
Die Herrschaft über das Feld d4 ist besonders wichtig, wenn der Gegner einen
isolierten Bauern auf d5 hat.}) 29... d4 {[%csl Gd4]} 30. Nf4 (30. a4 d3 31.
Nf4 Qd4+ 32. Kh2 g5 $13) 30... Qd6 {[%csl Gd6][%cal Gd6g3] Die schwarze Dame
steht gut auf d6 - von hier aus kontrolliert sie sowohl den Pg3 als auch den
weißen a- und b-Bauern.} 31. Rxe8+ Rxe8 32. g4 (32. Kh2 g5 33. Ne2 d3 $13)
32... d3 (32... Bd7) 33. Rd1 (33. gxf5 Qd4+ $19 {[%cal Rd4a1,Rd4g1]}) 33... Bh7
34. Nxd3 (34. Bf1 Qxa6 35. Bxd3 Qb6+ 36. Kg2 Bxd3 37. Nxd3 Nd5 $44) 34... Bxd3
35. a7 (35. Qxd3 Re1+ 36. Bf1 Rxd1 $19) 35... Qb6+ 36. Qf2 Qxf2+ (36... Qa6 $5)
37. Kxf2 Re2+ (37... Bc4 38. f4 $18) 38. Kg3 Rxa2 39. Rxd3 Rxa7 40. f4 $14 {
[%mdl 4096] Das Material ist so weit reduziert, dass ein Remis das
wahrscheinlichste Ergebnis ist. Weiß hat aber dank seines Freibauern einen
kleinen Vorteil.} Kf8 41. b5 Nd7 {[%cal Gd7b6] Natürlich muss Schwarz den
b-Bauern so schnell wie möglich blockieren.} 42. Re3 Nb6 43. Bc6 g6 44. Kf3 (
44. Re8+ Kg7 45. Rb8 Nd7 (45... Nc4 $14) 46. Bxd7 (46. Rb7 Rxb7 47. Bxb7 Kf6
$14) 46... Rxd7 47. Kf3 $14) 44... Kg7 45. Re4 Ra3+ 46. Kf2 Kf6 47. Re8 Rb3 {
[%csl Gb3][%cal Gb3h3,Gb3b5] Der schwarze Turm steht aktiv auf b3 - er
schneidet den weißen König ab und kontrolliert den b-Bauern.} 48. Rb8 Na4 {
Weiß kann b5-b6 nicht durchsetzen. Es ist daher nicht leicht für Weiß - wenn
es denn überhaupt möglich ist - mehr als Remis zu erreichen.} 49. Bd5 Rb4 $11
50. Ke3 Nc3 51. Bc6 Na4 52. Bd5 g5 (52... Nc3 53. Bc6) 53. fxg5+ hxg5 54. Rb7 (
54. Rb7 Ke5 55. Bxf7 Nc5 $11) 1/2-1/2

[Event "Vidmar Memorial 14th"]
[Site "Portoroz"]
[Date "2001.07.03"]
[Round "1"]
[White "Volokitin, Andrei"]
[Black "Crisan, Alexandru"]
[Result "1-0"]
[WhiteElo "2551"]
[BlackElo "2635"]
[Annotator "Ribli,Z"]
[PlyCount "55"]
[EventDate "2001.07.03"]
[EventType "tourn"]
[EventRounds "9"]
[EventCountry "SLO"]
[EventCategory "14"]
[SourceTitle "CBM 085"]
[Source "ChessBase"]
[SourceDate "2001.11.13"]
[SourceVersion "1"]
[SourceVersionDate "2001.11.13"]
[SourceQuality "1"]

1. e4 c5 2. Nf3 e6 3. Nc3 Nc6 4. d4 cxd4 5. Nxd4 Qc7 6. Be2 a6 7. O-O Nf6 8.
Kh1 {Dieser prophylaktische Zug ist in der letzten Zeit sehr beliebt. Weiß
legt sich (noch) nicht auf die Entwicklung des Bc1 fest.} b5 $6 {Dieser Zug
ist nicht die beste Möglichkeit für Schwarz. Die (besseren) Alternativen sind
- 8...Bb4, 8...Nxd4 und schließlich 8...d6, oder 8...Be7 mit Übergang zur
Scheweninger Variante.} 9. Nxc6 dxc6 10. f4 b4 $6 (10... Bb7 11. e5 Rd8 12. Qe1
(12. Bd3 c5 13. exf6 c4 14. fxg7 Bxg7 15. Qg4 Bxc3 16. bxc3 cxd3 17. f5 $13)
12... Nd5 13. Nxd5 (13. Ne4 c5 14. Bf3 Be7 $11) 13... cxd5 (13... Rxd5 $2 14.
c4 Rd7 15. f5 exf5 16. Bf4 $16) 14. Bd3 g6 15. a4 Bc6 16. Bd2 Qb7 17. b3 Be7
18. Qe2 $14) 11. Na4 {Eine vorbereitete Neuerung, oder gute Intuition am
Brett? Der junge ukrainische Spieler kümmert sich nicht um den Pe4, er möchte
die schwarzen Felderschwächen am Damenflügel ausnutzen. Ich merke an, dass die
Alternative 11.e5 Weiß gute Chancen bietet.} (11. e5 bxc3 12. exf6 gxf6 13.
bxc3 (13. b3 c5 (13... f5 14. Qd4 Rg8 15. Qxc3 Bb7 16. Qe3 Bg7 17. c3 c5 18.
Bf3 {1-0 Kulaots,K-Vooremaa,A/Tallinn 1998/EXT 99 (24)}) 14. Qd3 Bb7 15. Qxc3
Rg8 16. Bf3 {1-0 Xie Jun-Kuipers,E/Haarlem 1997/EXT 99 (32)}) (13. Qd4 Rg8 (
13... Be7 14. Qxc3 Bb7 15. f5 e5 16. Be3 c5 17. Rad1 h5 18. Bf3 Rg8 19. Qc4
Bxf3 20. Rxf3 Rg4 21. Qe2 Bd6 22. h3 Rg8 23. Bf2 Qc6 24. Bh4 $16 {Ricardi,
P-Sunye Neto,J/Buenos Aires ARG-WORLD (06)/1994/1-0 (34)}) 14. Qxc3 f5 15. Bf3
Bb7 16. Be3 c5 17. Rad1 Bxf3 18. Rxf3 Rc8 19. Bf2 Qc6 20. Bh4 Be7 21. Rg3 Rf8
22. Bf6 {1-0 Zelcic,R-Bogut,Z/Kastel Stari 1997/CBM 57 ext (58)}) (13. Qe1 Qa5
$5 (13... Bb4 14. bxc3 Be7 15. Bf3 Rb8 16. Qg3 f5 17. Qg7 Rf8 18. c4 c5 19. Bb2
Bb7 20. Be5 $16 {1-0 Velimirovic,D-Damjanovic,M/Sombor 1972/EXT 99 (31)}) (
13... Bb7 14. Qxc3 Be7 15. f5 e5 16. Be3 c5 17. Rad1 h5 18. Bf3 {1-0 Ricardi,
P-Sunye Neto,J/Buenos Aires 1994/CBM 42/[Ribli] (34)}) 14. bxc3 f5 15. Bd2 Bg7
16. Bd3 O-O 17. c4 Qd8 18. Bc3 Bxc3 19. Qxc3 c5 20. Rad1 Qe7 21. Rf3 f6 22. Be2
Bb7 23. Rg3+ Kh8 {0-1 Franssila,T-Kauko,J/Tampere 1997/EXT 99 (48)}) 13... f5 (
13... c5 14. Bf3 Rb8 15. Be3 Bd6 16. Qd3 O-O (16... Ke7 $5) 17. Rad1 Rb6 (17...
Be7 18. f5 $40) 18. f5 {1-0/Luther,T-Varga,Zo/Mitropa Cup/1991/ (22)}) (13...
Bc5 $5) 14. Qd4 (14. Bf3 Be7 15. Be3 O-O 16. Rb1 Bd7 17. Bb6 Qc8 18. c4 f6 19.
Qe1 Bd6 20. Qg3+ Kh8 21. c5 Be7 22. Be2 Be8 {1/2-1/2 Boudre,J-Lupu,M/Vichy
2000/EXT 2001 (37)}) 14... Rg8 15. Rb1 c5 16. Qf2 Bb7 17. Bf3 Bxf3 18. Qxf3 Ra7
19. Be3 Be7 20. c4 {1-0 Nataf,I-Degerman,L/Stockholm 1999/CBM 68 ext (48)})
11... Bb7 $6 (11... Nxe4 {Gut, oder schlecht - meiner Meinung nach wäre es
logischer den weißen Zentrumsbauern zu nehmen.} 12. Qd4 Nf6 13. Nb6 Rb8 14.
Nxc8 Qxc8 15. f5 $44 {Weiß hat Entwicklungsvorteil und Initiative, aber die
Stellung ist nicht ganz klar.}) 12. e5 Rd8 $6 {Mit diesem Zug hilft Schwarz
nur dem Gegner.} (12... Nd5 13. c4 bxc3 14. Nxc3 $14) 13. Bd3 $14 Nd5 14. Qe2 {
[%cal Re2a6]} Qa5 (14... a5 15. f5 $36) 15. b3 g6 {Schwarz verteidigt sich
gegen f4-f5.} 16. Bd2 {[%cal Gd2a5] Nach dieser Fortsetzung muss Schwarz immer
mit a2-a3 rechnen.} Nc3 17. Bxc3 $1 (17. Nxc3 bxc3 18. Be3 $14) 17... bxc3 18.
Qe3 {[%csl Ge3][%cal Ge3a7,Ge3c3] Die weiße Dame steht ausgezeichnet auf e3 -
in einigen Varianten ist der Pc3 schwach.} Ba3 19. Rae1 h5 $6 {Schwarz möchte
nicht am Königsflügel rochieren, aber diese Fortsetzung ist nicht so stark.} (
19... O-O 20. f5 (20. Nb6 Qc5) 20... exf5 21. Bxf5 (21. Rxf5 Rxd3 22. cxd3 gxf5
(22... c2 23. Rff1 $16) 23. Qg5+ $11) 21... Kh8 (21... gxf5 22. Qg5+ Kh8 23.
Qf6+ Kg8 24. Rxf5 h6 25. Rf3 $18 {[%cal Rf3g3,Rg3g8]}) 22. Bd3 $14) 20. Bc4 $1
{[%cal Gc4f7,Ge3c3]} (20. Qa7 $5) 20... h4 {[%cal Gh4h3]} 21. h3 c5 22. Rd1 (
22. Nxc3 $2 Bb4 {[%cal Ra5e1]} 23. Ne4 Bxe4 24. Qxe4 Bxe1 25. Rxe1 $11) 22...
Ke7 (22... O-O 23. f5 $40) {[#]} 23. f5 $1 {[%csl Re7][%cal Re3g5,Rg5e7][%mdl
128] Durch dieses zeitweilige Opfer verschafft sich Weiß gefährlichen Angriff.}
(23. Nxc3 $16) (23. Qxc3 $16) 23... gxf5 24. Qg5+ Ke8 25. Bxe6 $1 {[%mdl 64]}
Rd2 (25... fxe6 26. Qg6+ $18) 26. Bxf7+ Kd7 (26... Kxf7 27. Qxf5+ Ke8 28. Qe6+
Kd8 29. Rxd2+ cxd2 30. Nb6 $18) 27. Qg7 Rd8 (27... Bxg2+ 28. Qxg2 $18) 28. Bd5+
$18 1-0